Normal view
MARC view
- Psychology -- Research -- Methodology
Entry Topical Term
001 - CONTROL NUMBER
- control field: 1307
003 - CONTROL NUMBER IDENTIFIER
- control field: JO-AjAnu
005 - DATE AND TIME OF LATEST TRANSACTION
- control field: 20230606070522.0
008 - FIXED-LENGTH DATA ELEMENTS
- fixed length control field: 230606|| aca||aabn | a|a d
040 ## - CATALOGING SOURCE
- Original cataloging agency: JO-AjAnu
- Transcribing agency: JO-AjAnu
150 ## - HEADING--TOPICAL TERM
- Topical term or geographic name entry element: Psychology -- Research -- Methodology
670 ## - SOURCE DATA FOUND
- Source citation: Work cat.: (JO-AjAnu)687: Stanovich,Keith.E, author 1306, How to Think Straight About Psychology